| 000 | 01916nam a22001937a 4500 | ||
|---|---|---|---|
| 008 | 251003b |||||||| |||| 00| 0 eng d | ||
| 020 | _a9781805301233 | ||
| 040 | _ctbs | ||
| 041 | _aeng | ||
| 050 |
_aBH301.P45 _bM34 2023 |
||
| 100 |
_aMagsamen, Susan _926000 _eauthor |
||
| 245 |
_aYour brain on art _b: how the arts transform us _c/ by Susan Magsamen and Ivy Ross. |
||
| 260 |
_aEdinburgh: _bCanongate Boks, _c2025. |
||
| 300 |
_axvii, 280 pages, 16 unnumbered pages of plates : _billustrations (some color) ; _c20 cm. |
||
| 520 | _aHave you ever gotten chills while listening to a particularly gorgeous piece of music? Or felt a sense of calm while gazing at a painting of a serene landscape? We have experiences like those every day, but rarely stop to consider what's happening internally to cause them. In Your Brain on Art, founder of the International Arts + Mind Lab at Johns Hopkins University School of Medicine Susan Magsamen and Google designer Ivy Ross explain how, by understanding how we biologically react to aesthetic experiences, we can not only heal as individuals but thrive as communities. Using the new science of neuroaesthetics, which explores our physiological reactions to art, Magsamen and Ross show us how, for instance, gardening can help a person heal from trauma or listening to a major fifth interval can snap the body out of a fight-or-flight response. Beyond enjoyment and abstraction, art can change the way we operate on a daily, practical level. And, in addition to helping each of us heal from stress, anxiety, burnout, and other malaises of modern life, neuroaesthetics can effect major change in society writ large, whether through public art murals in high-crime areas or music and dance therapy for patients experiencing neurodegenerative disorders. | ||
| 650 | 0 |
_aAesthetics _xPsychological aspects _926001 |
|
| 650 | 0 |
_aArts _xPsychological aspects _926002 |
|
| 942 | _2lcc | ||
| 999 |
_c5004 _d5004 |
||